South Eastern Kenya University

Library Online Public Access Catalogue


Laser use in oncology II : (Record no. 8184)

MARC details
000 -LEADER
fixed length control field 00571cam a2200157 a 4500
020 ## - ISBN
International Standard Book Number 0819436887
050 00 - LIBRARY OF CONGRESS CALL NUMBER
Classification Number RC 271
Item Number .P43L3
245 00 - TITLE
Title Laser use in oncology II :
Remainder of title selected research papers on laser use in oncology, 1997-1999 /
Statement of responsibility, etc Andrei V. Ivanov, Mishik A. Kazaryan, editors ; sponsored by SPIE Russia Chapter.
260 ## - PUBLICATION, DISTRIBUTION, ETC.(IMPRINT)
Place of publication, distribution, etc Bellingham, Wash., USA :
Name of publisher, distributor, etc SPIE,
Date of publication, distribution, etc c2000.
300 ## - PHYSICAL DESCRIPTION
Extent 230 p. :
650 #0 - SUBJECT--TOPIC
General subdivision Photochemotherapy
Form subdivision Congresses.
650 #0 - SUBJECT--TOPIC
General subdivision Therapeutic use
Form subdivision Congresses.
700 1# - ADDED ENTRY--PERSONAL AUTHOR
Personal Name Ivanov, Andrei V.
700 1# - ADDED ENTRY--PERSONAL AUTHOR
Personal Name Kazaryan, Mishik A.
942 ## - ADDED ENTRY ELEMENTS(KOHA)
Source of classification or shelving scheme Library of Congress Classification
Koha item type General circulation
Holdings
Source of classification or shelving scheme Not for loan Location (home branch) Sublocation (holding branch) Shelving location Date accessioned Full call number Barcode Koha item type Public note
Library of Congress Classification   Main Campus Library Main Campus Library   04/08/2015 RC 271 .P43L3 2015/006260 General circulation smo
Kitui, Kenya.
+254736116989
library@seku.ac.ke